000 00500nam a2200157Ia 4500
008 100122s9999 xx 000 0 und d
082 _b51306
_a823
100 _aपोरे सुरेश
245 _aउन्हातील चांदणे
250 _a0
260 _bमेहता पब्लिकेशन हाऊस
_c1995
300 _a176
630 _aउन्हातील चांदणे
730 _aउन्हातील चांदणे
942 _cBOOK
999 _c428768
_d428765